000 00606nam a22002297a 4500
003 UA-OsUOA
001 96641
007 ta
008 20130320b un ||||| |||| 00| 0 ukr d
100 _aЛендел Й.
090 _a821.51.141
_bЛ44
942 _cBK
040 _aUA-OsUOA
_brus
_cUA-OsUOA
_dUA-OsUOA
245 _aИзбранное
300 _a287 с.
955 _a3
041 _arus
080 _a821.51.141
260 _aМ.
_bХудожественная литература
_c1984
650 7 _a82 Література. Літературознавство
_2UDC
999 _c382898
_d382898